000 00435nab a2200145Ia 4500
003 ES-SlBCS
005 20210601124319.0
008 140529s1988 xxu||||| |||| 00| 0 eng d
041 _aeng
100 1 _aReese, William J.
_9139419
245 0 0 _aPublic Schools and the Common Good
_c William J. Reese
650 0 4 _aEscuela Pública
_9139177
773 0 _tEducational Theory
_gvol. 38, nº. 4, 1988, págs. 431-440
_wRev1399
942 _cAR
999 _c512773
_d512773